000 00309nam a2200133Ia 4500
008 230818s2002 xx 000 0 und d
041 _aeng
100 _aAli
245 _aSuccess full managers hand book
260 _bDorling pub.
_c2002
300 _a864p
520 _aReference Copy
999 _c851994
_d851994
650 _aGeneral